Пространственное моделирование системы "Правобережная плотина - основание" с оценкой влияния нарушения сплошности противофильтрационного контура на фильтрационный режим низовой упорной призмы (Запись № 13653310)

Подробности
000 -МАРКЕР
контрольное поле 02588nam0a2200361 4500
001 - ИДЕНТИФИКАТОР ЗАПИСИ
контрольное поле RU\NLR\BIBL_A\022704740
005 - ИДЕНТИФИКАТОР ВЕРСИИ
контрольное поле 20260407164400.0
010 ## - МЕЖДУНАРОДНЫЙ СТАНДАРТНЫЙ НОМЕР КНИГИ (ISBN)
Номер (ISBN) 978-5-6053089-0-4
Тираж 100
021 ## - НОМЕР ГОСУДАРСТВЕННОЙ РЕГИСТРАЦИИ
Код страны Российская Федерация
Номер КН-П-25-072679
Номер Листа государственной регистраци КН-П-25-7041
035 ## - ДРУГИЕ СИСТЕМНЫЕ НОМЕРА
Идентификатор записи (NLR Aleph) 022704740
100 ## - ДАННЫЕ ОБЩЕЙ ОБРАБОТКИ
Данные общей обработки 20260120d2025 u y0rusy50 ca
101 0# - ЯЗЫК РЕСУРСА
Язык текста, звукозаписи и т.д. русский
102 ## - СТРАНА ПУБЛИКАЦИИ ИЛИ ПРОИЗВОДСТВА
Страна публикации Российская Федерация
105 ## - ПОЛЕ КОДИРОВАННЫХ ДАННЫХ: ТЕКСТОВЫЕ МАТЕРИАЛЫ, МОНОГРАФИЧЕСКИЕ
Кодированные данные о монографическом текстовом документе a j 000yy
181 #0 - ПОЛЕ КОДИРОВАННЫХ ДАННЫХ: ВИД СОДЕРЖАНИЯ
Код вида содержания (ISBD) i3
Код характеристики содержания (ISBD) axxe
182 #0 - ПОЛЕ КОДИРОВАННЫХ ДАННЫХ: ТИП СРЕДСТВА
Код типа средства (ISBD) n - непосредственное
200 1# - ЗАГЛАВИЕ И СВЕДЕНИЯ ОБ ОТВЕТСТВЕННОСТИ
Основное заглавие Пространственное моделирование системы "Правобережная плотина - основание" с оценкой влияния нарушения сплошности противофильтрационного контура на фильтрационный режим низовой упорной призмы
Сведения, относящиеся к заглавию учебное пособие
-- для студентов,обучающихся по направлению подготовки "Строительство" (направление "Гидротехническое строительство", дисциплина "Фильтрационные расчеты гидротехнических сооружений")
Первые сведения об ответственности О. Д. Рубин, Н. В. Ханов, А. С. Антонов, Т. С. Федорова
203 ## - ВИД СОДЕРЖАНИЯ И ТИП СРЕДСТВА
Вид содержания Текст
Дополнительные сведения об издании визуальный
Тип средства непосредственный
210 ## - ПУБЛИКАЦИЯ, РАСПРОСТРАНЕНИЕ И ДР.
Место издания, распространения и т.д. Москва
Имя издателя, распространителя и т. д. Мегаполис
Дата издания, распространения и т.д. 2025
215 ## - ФИЗИЧЕСКАЯ ХАРАКТЕРИСТИКА
Специфическое обозначение материала и объем 129 с.
Другие сведения о физической характеристике ил., цв. ил., табл.
Размеры 21
320 ## - ПРИМЕЧАНИЯ О НАЛИЧИИ В ДОКУМЕНТЕ БИБЛИОГРАФИИ / УКАЗАТЕЛЯ
Текст примечания Библиогр.: с. 126-129 (30 назв.)
606 1# - НАИМЕНОВАНИЕ ТЕМЫ КАК ПРЕДМЕТ
Наименование темы Гидроэлектростанции
Формальный подзаголовок Учебные издания для высших учебных заведений
Тематический подзаголовок Гидротехнические сооружения
Системный номер авторитетной/нормативной записи 2301368
Идентификатор авторитетной/нормативной записи RU\NLR\AUTH\6601604293
606 1# - НАИМЕНОВАНИЕ ТЕМЫ КАК ПРЕДМЕТ
Наименование темы Грунтовые плотины
Формальный подзаголовок Учебные издания для высших учебных заведений
Тематический подзаголовок Компьютерное моделирование
Системный номер авторитетной/нормативной записи 2704301
Идентификатор авторитетной/нормативной записи RU\NLR\AUTH\6601768862
686 1# - ИНДЕКСЫ ДРУГИХ КЛАССИФИКАЦИЙ
Индекс Н77я73-1
701 #1 - ИМЯ ЛИЦА - АЛЬТЕРНАТИВНАЯ ОТВЕТСТВЕННОСТЬ
Начальный элемент ввода Рубин
Часть имени, кроме начального элемента ввода О. Д.
Расширение инициалов личного имени Олег Дмитриевич
701 #1 - ИМЯ ЛИЦА - АЛЬТЕРНАТИВНАЯ ОТВЕТСТВЕННОСТЬ
Начальный элемент ввода Ханов
Часть имени, кроме начального элемента ввода Н. В.
Расширение инициалов личного имени Нартмир Владимирович
701 #1 - ИМЯ ЛИЦА - АЛЬТЕРНАТИВНАЯ ОТВЕТСТВЕННОСТЬ
Начальный элемент ввода Антонов
Часть имени, кроме начального элемента ввода А. С.
Дополнения к именам, кроме дат канд. техн. наук, гидротехника
Даты 1990-
Расширение инициалов личного имени Антон Сергеевич
Системный номер авторитетной/нормативной записи 249462
Идентификатор авторитетной/нормативной записи RU\NLR\AUTH\770249518
701 #1 - ИМЯ ЛИЦА - АЛЬТЕРНАТИВНАЯ ОТВЕТСТВЕННОСТЬ
Начальный элемент ввода Фёдорова
Часть имени, кроме начального элемента ввода Т. С.
Дополнения к именам, кроме дат канд. техн. наук, гидротехника
Расширение инициалов личного имени Татьяна Сергеевна
Системный номер авторитетной/нормативной записи 2701106
Идентификатор авторитетной/нормативной записи RU\NLR\AUTH\770291177
942 ## - ДОПОЛНИТЕЛЬНЫЕ ЭЛЕМЕНТЫ ЗАПИСИ (АБИС)
Тип экземпляра АБИС Книга
980 ## - КОЛЛЕКЦИЯ
Название коллекции Национальная библиография

Нет доступных экземпляров.